000 00533nam a2200205Ia 4500
005 20240607102912.0
008 131103s9999 xx 000 0 und d
040 _aLoreto College
041 _aEnglish
082 _a574
_bPEL
100 _aPeleiderer, I
245 4 _aThe life of Indian plant
_b an elementary Indian Botany
_cI Peleiderer
250 _a4th ed
260 _aMangalore
_bKanarese Mission
_c1921
300 _a294p.
_b ills.
504 _aIncludes index
650 _aScience
850 _aLCBED
942 _cBK
999 _c28559
_d79038